| 000 | 00471nam a2200169Ia 4500 | ||
|---|---|---|---|
| 999 |
_c8487 _d8487 |
||
| 020 | _a9788131243152 | ||
| 082 |
_a610.73076 _bSIL _26TH edition |
||
| 100 | _aSilvestri, linda.Arne | ||
| 245 | 0 | _aNCLEX- RN Examination | |
| 250 | _a6th | ||
| 260 |
_bElsevier _c2015 _aindia |
||
| 300 |
_a684 _bill _c26cm |
||
| 440 | _aNCLEX- RN Examination | ||
| 504 | _ainclude:index | ||
| 650 |
_aNursing _vclient needs _vcomprehensive test _vintegrated processes _vIMDC |
||
| 942 |
_cBK _2ddc |
||